| 000 | 03359nam0a2200505 4500 | ||
|---|---|---|---|
| 001 | RU\NLR\BIBL_A\022138530 | ||
| 005 | 20240530083015.0 | ||
| 021 |
_aRU _bКН-П-23-081000 _9КН-П-23-8216 |
||
| 029 | 1 | 0 |
_aRU _b58924-2020 _cГОСТ Р |
| 035 | _a(NLR Aleph) 022138530 | ||
| 035 | _a(RuMoRGB)012312624 | ||
| 090 |
_a12858035 _c12858035 |
||
| 100 | _a20240215d2023 k y0rusy50 ca | ||
| 101 | 0 | _arus | |
| 102 | _aRU | ||
| 105 | _ay l 000|y | ||
| 181 | 1 |
_ai _b e |
|
| 182 | 1 | _an | |
| 200 | 1 |
_aСистема защиты от фальсификаций и контрафакта _iЭлектронные изделия _iМетоды оценки риска дистрибьюторов _dThe system of protection against fraud and counterfeiting. Electronic pfrts. Risk assessment methods for distributors _zeng _eГОСТ Р 58924-2020 _fРазработан Международной ассоциацией организаций, осуществляющих деятельность по противодействию незаконному обороту контрафактной продукции (Международная ассоциация "Антиконтрафакт") |
|
| 203 |
_aТекст _bвизуальный _cнепосредственный |
||
| 205 | _aИзд. офиц. | ||
| 210 |
_aМосква _cРоссийский институт стандартизации _d2023 |
||
| 215 |
_aIII, 15 с. _d29 |
||
| 225 | 1 |
_aНациональный стандарт Российской Федерации _fФедеральное агентство по техническому регулированию и метрологии |
|
| 239 | _aВвед. 01.09.2020 | ||
| 320 | _aБиблиогр.: с. 14 (3 назв.) | ||
| 510 | 1 |
_aThe system of protection against fraud and counterfeiting _zeng |
|
| 510 | 1 |
_aElectronic pfrts _zeng |
|
| 510 | 1 |
_aRisk assessment methods for distributors _zeng |
|
| 517 | 1 | _aГОСТ Р 58924-2020 | |
| 606 | 1 |
_aДистрибьюция _jСтандарты _92293485 _3RU\NLR\AUTH\661373423 |
|
| 606 | 1 |
_aТорговые предприятия _jСтандарты _xРиски _xОценка _92110659 _3RU\NLR\AUTH\661579120 |
|
| 606 | 1 |
_aКонтрафактная деятельность _jСтандарты _xБорьба с ней _yРоссийская Федерация _92198297 _3RU\NLR\AUTH\661321108 |
|
| 606 | 1 |
_aЭлектронные приборы _jСтандарты _xКачество _xУправление _91981244 _3RU\NLR\AUTH\661194923 |
|
| 675 | _a(004.056+005):62:34:006.354 | ||
| 686 |
_a13.310 _v2000 _2ОКС |
||
| 686 | 1 | _aХ621.175я86 | |
| 686 | 1 | _aУ42(2)131-13(2Р)я86 | |
| 712 | 0 | 1 |
_4725 _aРоссийская Федерация _bФедеральное агентство по техническому регулированию и метрологии _9630205 _3RU\NLR\AUTH\8810064304 |
| 712 | 0 | 2 |
_4900 _a"Антиконтрафакт", международная ассоциация организаций, осуществляющих деятельность по противодействию незаконному обороту контрафактной продукции _9588870 _3RU\NLR\AUTH\880463103 |
| 942 | _cBOOK | ||
| 980 | _aNB | ||